|
|
|
|
| LEADER |
00000nam0a2200000 4500 |
| 001 |
43192 |
| 005 |
20251211133101.0 |
| 035 |
|
|
|a (RuTPU)RU\TPU\book\44638
|
| 090 |
|
|
|a 43192
|
| 100 |
|
|
|a 20021001d1989 m y0rusy50 ca
|
| 101 |
0 |
|
|a rus
|
| 102 |
|
|
|a RU
|
| 105 |
|
|
|a a j 001zy
|
| 200 |
1 |
|
|a Электроснабжение промышленных предприятий
|e учебное пособие по дипломному проектированию
|f Т. Н. Барченко, Р. И. Закиров
|g Томский политехнический институт
|
| 210 |
|
|
|a Томск
|c Изд-во ТПИ
|d 1989
|
| 215 |
|
|
|a 96 с.
|c ил.
|
| 320 |
|
|
|a Библиогр.: с. 93.
|
| 610 |
1 |
|
|a организация производства
|
| 610 |
1 |
|
|a промышленные предприятия
|
| 610 |
1 |
|
|a электроснабжение
|
| 610 |
1 |
|
|a электрические нагрузки
|
| 610 |
1 |
|
|a расчеты
|
| 610 |
1 |
|
|a схемы
|
| 610 |
1 |
|
|a дипломное проектирование
|
| 610 |
1 |
|
|a учебные пособия
|
| 675 |
|
|
|a 658.26(075.8)
|v 3
|
| 700 |
|
1 |
|a Барченко
|b Т. Н.
|g Тамара Николаевна
|
| 701 |
|
1 |
|a Закиров
|b Р. И.
|g Рафаиль Измайлович
|
| 712 |
0 |
2 |
|a Томский политехнический институт
|3 (RuTPU)RU\TPU\col\1123
|
| 801 |
|
1 |
|a RU
|b 63413507
|c 20021001
|g PSBO
|
| 801 |
|
2 |
|a RU
|b 63413507
|c 20170124
|g PSBO
|
| 942 |
|
|
|c BK
|